000 00363pab a2200145 454500
008 180718b2002 xxu||||| |||| 00| 0 eng d
100 _aRoberts, Alasdair
245 _aStructural pluralism and the right to know
260 _c2002
300 _ap.199-228.
362 _aDec
650 _aRight to information
773 _aMan and Development
909 _a65744
999 _c65744
_d65744